00638nam a2200205Ia 4500003000900000008004100009040001300050040001300063041000800076100002500084245005700109250001200166260000800178300001100186300001000197490000600207942000700213999001700220952019500237IT-RoPAU120407s9999 xx 000 0 und d aIT-RoPAU cIT-RoPAU aita aFranco D’Anastasio aGuida del santuario di S. Gabriele e dei d’intorni aTeramo  aEco a103 p. c17 cm v1 cBK c24090d24090 00102ddc406714_10000000000000071aPAULUSbPAULUSd2012-04-11l0o714.1r2012-04-11 00:00:00w2012-04-11yBKzInserito da: Mario In data: 06 agosto 2011 fondo: Via A.Severo 56 Progr:10287